Rodón (Record no. 12265)

MARC details
000 - LÍDER
campo de control de longitud fija 01427nam a2200253Ia 4500
008 - ELEMENTOS DE DATOS DE LONGITUD FIJA - INFORMACIÓN GENERAL
campo de control de longitud fija 0000001998 pr ad 0000000000mul00
090 ## - NÚMERO DE LLAMADA DE TIPO LC LOCALMENTE ASIGNADO (OCLC)
Número de clasificación (OCLC) (R) PPR00 R62r
245 10 - TÍTULO DECLARACIÓN
Título Rodón
Resto del título : un nuevo amanecer
Declaración de responsabilidad / curador Marilu Purcell ; traducción María Eugenia Hidalgo
260 ## - PUBLICACIÓN, DISTRIBUCIÓN
Lugar de publicación Ponce (Puerto Rico) : Museo de Arte de Ponce
Fecha de publicación 1998
300 ## - DESCRIPCIÓN FÍSICA
Alcance 64 p.
Dimensiones / 30 cm.
500 ## - NOTA GENERAL
Nota general Incluye cronología del artista \ Texto bilingue: español inglés \ Proyecto Ganador Programa Apoyos Concertados FGAA 2010
501 ## - Con nota
Con nota El hombre que pinta / Marta Traba Rodón : los laberintos, la imagén y el espejo / Manuel Alvarez Lezama El gran Rodón / Rafael Squirru
505 ## - NOTA DE CONTENIDO FORMATEADA
Nota sobre el contenido formateado OBRAS : Alicia Alonso Vaslav Nijinsky Hongos silvestres Partir Alicia Alonso : en casa de terpsicore La matinée : desnudo con Paraguay Rómulo Betancourt : retrato de un presidente A Vincent van Gogh : luz de luna Juan Rulfo : Pedro Páramo Borges o el Aleph
600 00 - ENTRADA DE SUJETO AÑADIDO - NOMBRE PERSONAL
Nombre de la persona RODON, FRANCISCO, 1934/
Subdivisión general TRABAJOS PICTORICOS
650 14 - ENTRADA DE SUJETO AÑADIDO - TÉRMINO TÓPICO
Término tópico o elemento de entrada del nombre geográfico ARTE CONTEMPORANEO PUERTORRIQUEÑO
650 14 - ENTRADA DE SUJETO AÑADIDO - TÉRMINO TÓPICO
Término tópico o elemento de entrada del nombre geográfico ARTISTAS PLASTICOS PUERTORRIQUEÑOS
650 14 - ENTRADA DE SUJETO AÑADIDO - TÉRMINO TÓPICO
Subdivisión general CATALOGOS
650 14 - ENTRADA DE SUJETO AÑADIDO - TÉRMINO TÓPICO
Término tópico o elemento de entrada del nombre geográfico PINTORES PUERTORRIQUEÑOS
650 14 - ENTRADA DE SUJETO AÑADIDO - TÉRMINO TÓPICO
Término tópico o elemento de entrada del nombre geográfico PINTURA AL OLEO
650 14 - ENTRADA DE SUJETO AÑADIDO - TÉRMINO TÓPICO
Término tópico o elemento de entrada del nombre geográfico PINTURA DE RETRATOS
650 14 - ENTRADA DE SUJETO AÑADIDO - TÉRMINO TÓPICO
Término tópico o elemento de entrada del nombre geográfico PINTURA PUERTORRIQUEÑA
650 14 - ENTRADA DE SUJETO AÑADIDO - TÉRMINO TÓPICO
Término tópico o elemento de entrada del nombre geográfico SERIGRAFIA
700 1# - ENTRADA AGREGADA - NOMBRE PERSONAL
Nombre de la persona Purcell, Marilu \ Hidalgo, María Eugenia \ Traba, Marta, 1923 \ Alvarez Lezama, Manuel \ Squirru
Holdings
Estado de retirada Pérdida de estatus Estado dañado No para préstamo Código de recogida Ubicación permanente Ubicación actual Ubicación de las estanterías Fecha de adquisición Número de llamada completo Código de barras Fecha de la última vez que se vio Número de copia Precio efectivo desde Tipo de artículo Koha
        General ArtNexus ArtNexus General 06/09/2022 P-PR-00 R62R 12391 06/09/2022 Ej.1 06/09/2022 Libro

Powered by Koha